Miasta na historycznym Śląsku - Statystyki

Ogólne statystyki
  • Ten quiz został rozwiązany 24 razy
  • Średni wynik to 63 z 88
Statystyki odpowiedzi
Liczba mieszkańców Województwo Miasto % Poprawnych
145 346 śląskie Bytom
100%
167 568 śląskie Gliwice
100%
277 884 śląskie Katowice
100%
125 095 opolskie Opole
100%
120 518 śląskie Tychy
100%
672 545 dolnośląskie Wrocław
100%
138 760 lubuskie Zielona Góra
100%
163 605 *śląskie Bielsko-Biała
95%
98 897 śląskie Chorzów
95%
32 348 śląskie Cieszyn
95%
41 492 śląskie Mikołów
95%
51 193 śląskie Piekary Śląskie
95%
129 307 śląskie Rybnik
95%
98 150 dolnośląskie Wałbrzych
95%
151 542 śląskie Zabrze
95%
61 887 śląskie Żory
95%
80 843 śląskie Jastrzębie-Zdrój
90%
90 343 dolnośląskie Legnica
90%
66 422 dolnośląskie Lubin
90%
23 077 śląskie Lubliniec
90%
128 138 śląskie Ruda Śląska
90%
62 571 śląskie Siemianowice Śląskie
90%
44 777 śląskie Świętochłowice
90%
61 149 śląskie Tarnowskie Góry
90%
53 473 opolskie Kędzierzyn-Koźle
85%
70 468 śląskie Mysłowice
85%
33 029 dolnośląskie Oława
85%
48 898 śląskie Racibórz
85%
44 244 śląskie Wodzisław Śląski
85%
36 663 dolnośląskie Bolesławiec
80%
32 910 opolskie Brzeg
80%
20 134 dolnośląskie Jawor
80%
73 849 dolnośląskie Jelenia Góra
80%
40 026 opolskie Nysa
80%
34 799 dolnośląskie Oleśnica
80%
24 621 śląskie Pszczyna
80%
51 701 dolnośląskie Świdnica
80%
18 676 śląskie Bieruń
75%
34 561 śląskie Czechowice-Dziedzice
75%
60 893 dolnośląskie Głogów
75%
35 072 śląskie Knurów
75%
16 221 śląskie Lędziny
75%
16 713 opolskie Namysłów
75%
18 496 opolskie Prudnik
75%
16 644 opolskie Strzelce Opolskie
75%
10 446 śląskie Wisła
75%
26 113 śląskie Czerwionka-Leszczyny
70%
30 169 dolnośląskie Dzierżoniów
70%
12 353 opolskie Głuchołazy
70%
21 470 opolskie Kluczbork
70%
35 335 lubuskie Nowa Sól
70%
15 809 śląskie Ustroń
70%
22 976 lubuskie Żagań
70%
27 554 dolnośląskie Bielawa
65%
15 080 opolskie Krapkowice
65%
20 883 śląskie Łaziska Górne
65%
11 376 opolskie Głubczyce
60%
7938 dolnośląskie Lwówek Śląski
60%
10 557 dolnośląskie Milicz
60%
22 231 śląskie Orzesze
60%
17 203 śląskie Pyskowice
60%
15 946 śląskie Radzionków
60%
13 108 śląskie Skoczów
60%
20 968 dolnośląskie Polkowice
55%
16 650 śląskie Radlin
55%
19 889 śląskie Rydułtowy
55%
14 706 dolnośląskie Strzegom
55%
11 799 dolnośląskie Strzelin
55%
13 863 dolnośląskie Złotoryja
55%
14 817 dolnośląskie Jelcz-Laskowice
50%
8940 opolskie Olesno
50%
9496 dolnośląskie Środa Śląska
50%
13 579 dolnośląskie Trzebnica
50%
13 924 dolnośląskie Ząbkowice Śląskie
50%
14 008 dolnośląskie Boguszów-Gorce
45%
10 523 dolnośląskie Góra
45%
16 742 dolnośląskie Kamienna Góra
45%
10 246 lubuskie Krosno Odrzańskie
45%
15 260 lubuskie Sulechów
45%
21 534 dolnośląskie Świebodzice
45%
20 565 lubuskie Świebodzin
45%
11 895 dolnośląskie Wołów
45%
9984 opolskie Zdzieszowice
45%
12 293 dolnośląskie Brzeg Dolny
40%
12 807 śląskie Pszów
40%
10 296 lubuskie Szprotawa
35%
11 537 dolnośląskie Siechnice
30%
12 141 dolnośląskie Chojnów
25%
Nie znaleziono quizów pasujących do podanych kryteriów
Rozkład punktacji
Procent ludzi z każdym wynikiem
Percentyl według liczby udzielonych odpowiedzi
Twoja historia wyników
Nie rozwiązałeś tego quizu